| 000 | 00667nam a2200217 i 4500 | ||
|---|---|---|---|
| 001 | bg | ||
| 245 | 0 | 0 |
_aMateriały w budowie maszyn : _bprzewodnik do ćwiczeń laboratoryjnych / _cpod red. Andrzeja Barbackiego. |
| 260 |
_aPoznań : _bWydaw. Politechniki Poznańskiej, _c2000. |
||
| 300 |
_a171 s. : _bil. ; _c24 cm. |
||
| 504 | _aBibliogr. przy rozdz. | ||
| 650 | 9 |
_aMaszyny _xmateriały |
|
| 655 | _aPodręczniki akademickie | ||
| 700 | 1 |
_aBARBACKI, Andrzej. _eRed. |
|
| 020 | _a8371435932 | ||
| 040 | _cBPK | ||
| 041 | 0 | _apl | |
| 080 | _a621.01:669.017/.018](075.8) | ||
| 920 | _a83-7143-593-2 | ||
| 942 | _cKS | ||
| 008 | s pl f |000 0 pol | ||
| 999 |
_c39337 _d39337 |
||
| 856 |
_uhttp://koha.tu.koszalin.pl/cgi-bin/koha/opac-detail.pl?biblionumber=39337 _yKatalog online BPK |
||